Finland General Knowledge - Statistics

General Stats
  • This quiz has been taken 32 times
  • The average score is 11 of 15
Answer Stats
Hint Answer % Correct
Legendary EDM hit song by Darude Sandstorm
96%
Age at which children go to school 7
93%
Drink that Finns consume the most in the world Coffee
93%
Second largest city Espoo
93%
Indigenous people living in northern Finland Sami
89%
Year of independence 1917
86%
Number of cities with trams 2
86%
Mobile game developed by the company Rovio Angry Birds
86%
Largest lake Saimaa
75%
Longest serving president Urho Kekkonen
75%
All-time greatest finnish football player Jari Litmanen
57%
Most common surname Korhonen
54%
Number of MPs 200
36%
Brand whose cars are manufactured in Uusikaupunki Mercedes Benz
29%
Most common biome Boreal forest
7%
No matching quizzes found
Score Distribution
Percent of People with Each Score
Percentile by Number Answered
Your Score History
You have not taken this quiz